00535nam a2200205Ia 4500008004100000040000600041041001200047082000800059082001100067100002000078245003000098245002000128260001400148260004400162260000900206300005500215300001000270501002800280650002100308141004s9999 xx 000 0 und d ca aEnglish a597 bSHA/MA aSL Shanbhogue aMarine fisheries of India cSL Shanbhogue aNew Delhi bIndian council of agricultural research c2000 a103 p.  b24 cm aKAUCOF  aMarine fisheries